| 000 | 01318 a2200301 4500 | ||
|---|---|---|---|
| 001 | 45822 | ||
| 005 | 20260407155730.0 | ||
| 008 | 260407a1997 arg spa d | ||
| 003 | AR-UNSa-BCEJYS | ||
| 040 |
_aAR-UNSa-BCEJYS _bspa _cAR-UNSa-BCEJYS |
||
| 080 |
_a331.101.232 _xDivisión del trabajo según el sexo |
||
| 245 | 1 | 0 |
_aLa división sexual del trabajo _ppermanencia y cambio |
| 020 | _a987-95170-2-4 | ||
| 264 | 1 |
_aBuenos Aires : _bAsociación, Trabajo y Sociedad _c1997 |
|
| 300 |
_a274 p. _c20 cm. |
||
| 505 | _aPrimera Parte: Concepto de trabajo, división sexual del trabajo y relaciones sociales de sexo (o relaciones de género) – Segunda Parte: Género, clases y movimientos sociales – Tercera Parte: Tecnologías, calificación y división sexual del trabajo – Cuarta Parte: Confrontaciones interdisciplinarias sobre la división sexual del trabajo - | ||
| 041 | _aspa | ||
| 942 | _cBK | ||
| 590 | _aniveau_biblio:m niveau_hierar:0 | ||
| 100 | 1 | _aNeffa, Julio César | |
| 700 | 1 | _aKergoat, Danièle | |
| 700 | 1 | _aHirata, Helena | |
| 700 | 1 | _aHabicht, Noemí | |
| 700 | 1 | _aZylberberg-Hocquard, Marie-Hélène | |
| 700 | 1 | _aRozas, Alicia | |
| 700 | 1 | _aTorrecillas, Graciela | |
| 856 | 4 | 1 |
_uhttps://www.biblioeco.unsa.edu.ar/pmb/images/libros/L127193.jpg _yImagen de portada _qimage/jpeg |
| 999 |
_c4011 _d4011 |
||